Ariana Grande - Sa discographie - Statistiques

Statistiques générales
  • Ce quiz a été pris 215 fois
  • Le résultat moyen est 59 sur 154
Statistiques - réponses
Titre Featuring % Correct
7 rings (Remix) 2 Chainz
81%
thank u, next
81%
7 rings
80%
positions
78%
Dangerous Woman
77%
break up with your girlfriend, i'm bored
75%
34+35
73%
34+35 (Remix) Doja Cat, Megan Thee Stallion
73%
God is a woman
72%
One Last Time
72%
One Last Time (Attends-moi) Kendji Girac
72%
no tears left to cry
70%
Side to Side Nicki Minaj
70%
Love Me Harder The Weeknd
69%
Problem Iggy Azalea
68%
sweetener
68%
Break Free Zedd
67%
The Way Mac Miller
67%
Into You
64%
pov
64%
Bang Bang Jessie J, Nicki Minaj
62%
NASA
62%
bloodline
60%
Honeymoon Avenue
59%
Let Me Love You Lil Wayne
59%
Moonlight
59%
Everyday Future
58%
motive Doja Cat
58%
My Everything
58%
the light is coming Nicki Minaj
58%
Baby I
57%
breathin
57%
off the table The Weeknd
57%
bad idea
55%
ghostin
55%
Save Your Tears (Remix) The Weeknd
54%
make up
53%
pete davidson
53%
Right There Big Sean
53%
Santa Tell Me
53%
fake smile
52%
Focus
52%
Greedy
52%
imagine
52%
needy
52%
everytime
51%
Popular Song MIKA
50%
Tattooed Heart
50%
raindrops (an angel cried)
49%
R.E.M
49%
safety net Ty Dolla $ign
49%
my hair
48%
Piano
48%
goodnight n go
47%
shut up
47%
successful
47%
Be Alright
46%
boyfriend Social House
46%
blazed Pharrell Williams
45%
in my head
45%
Intro
45%
nasty
45%
Daydreamin'
43%
Don't Call Me Angel (Charlie's Angels) Miley Cyrus, Lana Del Rey
43%
Touch It
43%
Almost is Never Enough Nathan Sykes
42%
Be My Baby Cashmere Cat
42%
Best Mistake Big Sean
42%
better off
42%
get well soon
42%
just like magic
42%
love language
42%
MONOPOLY Victoria Monét
42%
obvious
42%
Rain on Me Lady Gaga
42%
six thirty
42%
Bed Nicki Minaj
41%
Break Your Heart Right Back Childish Gambino
41%
west side
40%
Why Try
40%
Leave Me Lonely Macy Gray
39%
Quit Cashmere Cat
39%
A Hand for Mrs. Claus Idina Menzel
38%
borderline Missy Elliott
38%
Knew Better / Forever Boy
38%
Sometimes
38%
Thinking Bout You
38%
Bad Decisions
37%
Just a Little Bit of Your Heart
36%
Better Left Unsaid
35%
test drive
35%
You'll Never Know
34%
Jason's Song (Gave It Away)
33%
Last Christmas
33%
Only 1
33%
Hands on Me A$AP Ferg
31%
Stuck with U Justin Bieber
31%
I Don't Care
30%
Lovin' It
30%
Step on Up
30%
worst behavior
30%
main thing
28%
You Don't Know Me
28%
Put Your Hearts Up
27%
Dance to This Troye Sivan
26%
December
26%
Winter Things
26%
Adore Cashmere Cat
25%
someone like u (interlude)
25%
True Love
25%
My Favorite Part Mac Miller
24%
Santa Baby Liz Gillies
22%
Beauty and the Beast John Legend
21%
I Don't Do Drugs Doja Cat
21%
Love is Everything
21%
Met Him Last Night Demi Lovato
21%
Just Look Up Kid Cudi
20%
All My Love Major Lazer
19%
Bad to You Normani, Nicki Minaj
19%
Faith
19%
Good as Hell (Remix) Lizzo
19%
How I Look on You
19%
Rule the World 2 Chainz
17%
Get on Your Knees Nicki Minaj
16%
Give It Up Liz Gillies
16%
Snow in California
16%
Got Her Own Victoria Monét
14%
Nobody Chaka Khan
14%
Oh Santa! Mariah Carey, Jennifer Hudson
14%
Wit It This Christmas
14%
Not Just on Christmas
11%
E Più Ti Penso Andrea Bocelli
10%
Boys Like You Who Is Fancy, Meghan Trainor
9%
Brand New You Brynn Williams, Caitlin Gann
9%
Heatstroke Calvin Harris, Young Thug, Pharrell Williams
9%
It Was... (A Masked Christmas) Jimmy Fallon, Megan Thee Stallion
9%
Over and Over Again Nathan Sykes
9%
Time Childish Gambino
9%
Zero to Hero
9%
Research Big Sean
8%
They Don't Know
8%
You Don't Own Me Kristin Chenoweth
7%
Arturo Sandoval Arturo Sandoval, Pharrell Williams
6%
L.A. Boyz Victoria Justice
6%
A Little More Homework Graham Phillips
4%
Better Days Victoria Monét
4%
Come So Far (Got So Far to Go) Jennifer Hudson
4%
Earth Lil Dicky, etc.
4%
5 Fingaz to the Face Victorious Cast
3%
Mama I'm a Big Girl Now Harvey Fierstein, Maddie Baillio, etc.
3%
Don't Be Gone Too Long Chris Brown
2%
Without Love Maddie Baillio, Garret Clayton, etc.
2%
U R What You Eat Matisyahu, Travis Barker, Koool Kojak
1%
You Can't Stop the Beat Maddie Baillio, Garret Clayton, etc.
0%
Aucun quiz correspondant
Distribution des résultats
% des personnes avec chaque résultat
Percentile par nombre de réponses
Votre historique - résultats
Vous n’avez pas pris ce quiz